Siete culebras : (Record no. 22113)

000 -CABECERA
fixed length control field 01213nam a22002417a 4500
003 - IDENTIFICADOR DEL NÚMERO DE CONTROL
control field AR-CdUCM
008 - DATOS DE LONGITUD FIJA--INFORMACIÓN GENERAL
fixed length control field 190425b ||||| |||| 00| 0 spa d
040 ## - FUENTE DE LA CATALOGACIÓN
Agencia/entidad que catalogó originalmente la obra MUNICIPALIDAD PROVINCIAL DEL CUSCO
Entidad que transcribió la catalogación BIBLIOTECA MUNICIPAL DEL CUSCO
082 ## - NÚMERO DE LA CLASIFICACIÓN DECIMAL DEWEY
No. de Clasificación Sieteculebras/N°21/2006
245 ## - MENCIÓN DE TÍTULO
Título Siete culebras :
Resto del título Revista de cultura andina /
Mención de responsabilidad Mario Guevara Paredes, Director
260 ## - PUBLICACIÓN, DISTRIBUCIÓN, ETC.
Lugar de publicación, distribución, etc. Cusco :
Nombre de la editorial, distribuidor, etc. Sieteculebras,
Fecha de publicación, distribución, etc. 2006.
300 ## - DESCRIPCIÓN FÍSICA
Nº de Páginas Extensión 82 páginas. :
Otros detalles físicos ilustraciones ;
Dimensiones 30 cm.
440 ## - MENCIÓN DE SERIE/PUNTO DE ACCESO ADICIONAL--TÍTULO
Título Revista Siete Culebras.
Número de la parte/sección de una obra julio, octubre 2006, N°21
9 (RLIN) 47465
505 ## - NOTA DE CONTENIDO CON FORMATO
Nota de contenido formateada Contenido: Convergencia y evasión en la narrativa peruana 1980-2006. Mario Suarez Simich. -- Poesía. Orlando Granda. -- Cinco propuestas para leer a Ítalo Calvino. Luis Beiro. -- Inkarri y J. M. Arguedas construcciones y desconstrucciones de un mito mesiánico. Juan Zevallos Aguilar. -- Diario de Música. Fredy Amílcar Roncalla. -- Calendario Inka. Inkaqyupin. ...
650 ## - PUNTO DE ACCESO ADICIONAL DE MATERIA--TÉRMINO DE MATERIA
Descriptor Literatura cusqueña
9 (RLIN) 47453
650 ## - PUNTO DE ACCESO ADICIONAL DE MATERIA--TÉRMINO DE MATERIA
Descriptor Narradores cusqueños
9 (RLIN) 31142
650 ## - PUNTO DE ACCESO ADICIONAL DE MATERIA--TÉRMINO DE MATERIA
Descriptor Literatos cusqueños
9 (RLIN) 44145
650 ## - PUNTO DE ACCESO ADICIONAL DE MATERIA--TÉRMINO DE MATERIA
Descriptor Poesía
9 (RLIN) 47456
700 ## - PUNTO DE ACCESO ADICIONAL--NOMBRE DE PERSONA
Nombre Personal Guevara Paredes, Mario
9 (RLIN) 6574
700 ## - PUNTO DE ACCESO ADICIONAL--NOMBRE DE PERSONA
Nombre Personal Roncalla, Fredy Amílcar
9 (RLIN) 7225
942 ## - ELEMENTOS DE PUNTO DE ACCESO ADICIONAL (KOHA)
Fuente de clasificación
Tipo de item Revistas cusqueñas
945 ## - PROCESAMIENTO DE INFORMACIÓN LOCAL (OCLC)
Catalogador rac
Holdings
Estado de retiro (separado) Fuente de clasificación o esquema de estanterías Estado dañado Ubicación Sala donde se ubica Nombre de la colección Fecha de adquisición o compra Costo, precio normal en soles Signatura topográfica Código de Barras Última vez visto (Koha) Tipo de ítem (Koha)
No     Sala Hemeroteca Sala Hemeroteca Book Cart 2022-03-07 10.00 Sieteculebras/N°21/2006 REVC000818 2022-03-07 Revistas cusqueñas
No     Sala Hemeroteca Sala Hemeroteca Book Cart 2022-03-07 10.00 Sieteculebras/N°21/2006/e.2 REVC000819 2022-03-07 Revistas cusqueñas

Powered by Koha